Ružomberok Panská ulica

Zobrazenie: V bielom orámovaní pohľad na Panskú ulicu v pozadí je vidieť kostol, na ulici stoja dvaja muži pri bráne domu pod vysokým stromom

Podrobná bibliografia
Médium: Pohľadnica
Jazyk:slovenčina
Fyzický popis:1 pohľadnica čiernobiela 14 x 9 cm
Vydavateľské údaje: Ružomberok "Lev" kníhtl. spol učast. spol. [1939?]
Predmet:

MARC

LEADER 00000nkm a2200000 a 4500
001 vtls011886440
003 SK-MaSNL
005 20260512123658.0
007 kp bo
008 240131q1939 xo g kuslo
015 |a SNBG1939 
035 |a urn:nbn:sk:snk-km00ebgx 
035 |a urn:nbn:sk:snk-km43fpb 
035 |a 0FB02611-30C8-47B7-BD24-B198052BACCA 
040 |a SNK  |b slo  |c SNK  |e AACR2 
041 0 |a slo 
043 |a e-xo--- 
044 |a xo  |c SK 
072 7 |a 913  |x Regionálna geografia  |2 konspekt 
080 |a 913(437.6)  |2 2011 
080 |a (084.121)  |2 2011 
080 |a 711.73  |2 2011 
245 0 0 |a Ružomberok  |h grafika  |b Panská ulica 
260 |a Ružomberok  |b "Lev" kníhtl. spol učast. spol.  |c [1939?]  |e Prague  |f JKO 
300 |a 1 pohľadnica  |b čiernobiela  |c 14 x 9 cm 
500 |a Názvové údaje boli prevzaté z obrazovej strany pohľadnice 
520 8 |a Zobrazenie: V bielom orámovaní pohľad na Panskú ulicu v pozadí je vidieť kostol, na ulici stoja dvaja muži pri bráne domu pod vysokým stromom 
650 0 7 |a ulice  |2 SNKPH  |9 2938 
651 7 |a Ružomberok (Slovensko)  |2 SNKPHgeo  |9 24370 
655 7 |a miestne pohľadnice  |2 SNKPH  |9 70510 
852 |a Slovenská národná knižnica 
958 |a GBN 
958 |a GC 
958 |a OND 
958 |a EUIPO 
999 |c 776688  |d 778618 
952 |a SNK  |b SNK  |y PREZ  |7 0  |p 17A1379369  |o snkSP 59128  |z Pohľadnica prešla poštou.  |0 0  |1 0  |4 0  |d 2019-09-11  |f 1  |l 0  |r 2026-02-24 00:52:29  |w 2026-02-24